Hunting: - the wider social context (Record no. 63747)

MARC details
000 -LEADER
fixed length control field 00776cam a2200217 4500
001 - CONTROL NUMBER
control field WB3623-32
008 - FIXED-LENGTH DATA ELEMENTS--GENERAL INFORMATION
fixed length control field 000000n2000 000 0 eng u
035 ## - SYSTEM CONTROL NUMBER
System control number (Sirsi) u106430
245 ## - TITLE STATEMENT
Title Hunting: - the wider social context
260 ## - PUBLICATION, DISTRIBUTION, ETC.
Date of publication, distribution, etc. 2000
490 ## - SERIES STATEMENT
Series statement Guardian
Volume/sequential designation 13 June 2000, 7(2)
520 ## - SUMMARY, ETC.
Summary, etc. Gives edited extracts from the Burns report into hunting with dogs in England and Wales. Includes issues such as animal welfare, jobs and considers the consequences of implementing any ban. + table
590 ## - LOCAL NOTE (RLIN)
Local note WB
650 ## - SUBJECT ADDED ENTRY--TOPICAL TERM
Topical term or geographic name entry element REPORT OF THE COMMITTEE OF INQUIRY INTO HUNTING WITH DOGS IN ENGLAND AND WALES
650 ## - SUBJECT ADDED ENTRY--TOPICAL TERM
Topical term or geographic name entry element FOX HUNTING
650 ## - SUBJECT ADDED ENTRY--TOPICAL TERM
Topical term or geographic name entry element ANIMAL WELFARE
650 ## - SUBJECT ADDED ENTRY--TOPICAL TERM
Topical term or geographic name entry element RURAL COMMUNITIES
650 ## - SUBJECT ADDED ENTRY--TOPICAL TERM
Topical term or geographic name entry element STATISTICS
690 ## - LOCAL SUBJECT ADDED ENTRY--TOPICAL TERM (OCLC, RLIN)
Topical term or geographic name as entry element Rural
9 (RLIN) 6268
942 ## - ADDED ENTRY ELEMENTS (KOHA)
Suppress in OPAC 0
Holdings
Withdrawn status Lost status Source of classification or shelving scheme Damaged status Not for loan Home library Current library Shelving location Date acquired Total Checkouts Full call number Barcode Date last seen Copy number Price effective from Koha item type
    Dewey Decimal Classification     London London News article 13/06/2000   WB3623-32 106430-1001 06/08/2019 1 06/08/2019 News article